| 000 | 00730cam a2200253 a 4500 | ||
|---|---|---|---|
| 001 | 652324 | ||
| 003 | OSt | ||
| 005 | 20161026183632.0 | ||
| 008 | 940421s1995 enka 001 0 eng c | ||
| 020 | _a0632019557 | ||
| 040 |
_aDNLM/DLC _cDLC _dDLC |
||
| 050 | 1 | 0 |
_aRL71 _b.H934 1995 |
| 060 | 1 | 0 | _aWR 220 H945c 1994 |
| 082 | 0 | 0 | _aWR 220 H917c 1995 |
| 100 | 1 |
_aHunter, J. A. A; Dahl, Mark V; Savin, John _94533 |
|
| 245 | 1 | 0 | _aClinical Dermatology |
| 260 |
_aOxford ; _bBlackwell Science, _c1995. |
||
| 300 |
_avi, 272 p. : _bill. (some col.) ; _c25 cm. |
||
| 504 | _aIncludes index. | ||
| 650 | 0 |
_aSkin Diseases. _94504 |
|
| 650 | 0 |
_aDermatology. _9502 |
|
| 906 |
_a7 _bcbc _corignew _d1 _eocip _f19 _gy-gencatlg |
||
| 942 |
_2z _cSLOAN |
||
| 999 |
_c1716 _d1716 |
||